000 00639nam a2200265Ia 4500
005 20260121172107.0
008 008 260114s9999 xx 000 0 eng d
020 _a9789811581991
037 _aEBOOK
040 _aCRL
040 _beng
040 _cCRL
041 _2eng
041 _aeng
084 _qCRL
100 _aHiroshi Isozaki
_91084183
245 0 _aInverse Spectral and Scattering Theory
260 _bSpringer
260 _bSpringer
260 _c2020
856 _uhttps://link.springer.com/openurl?genre=book&isbn=978-981-15-8199-1
942 _cEBOOK
999 _c1649917
_d1649917